Ferro-carril de Zaragoza a Barcelona : (Record no. 165490)

MARC details
000 -LEADER
campo de control de longitud fija 01001nam a22001935i 4500
001 - NÚMERO DE CONTROL
campo de control 165490
003 - IDENTIFICADOR DE NÚMERO DE CONTROL
campo de control ES-MaACL
005 - FECHA Y HORA DE LA ÚLTIMA TRANSACCIÓN
campo de control 20230906213140.0
008 - DATOS DE LONGITUD FIJA--INFORMACIÓN GENERAL
campo de control de longitud fija 050726s1866 sp | |||||||| ||spa d
080 ## - NÚMERO DE LA CLASIFICACIÓN DECIMAL UNIVERSAL
Número de la Clasificación Decimal Universal 338.47(460):656.2
080 ## - NÚMERO DE LA CLASIFICACIÓN DECIMAL UNIVERSAL
Número de la Clasificación Decimal Universal 625.1/.5:061.5(460.235 B.)
110 2# - ENTRADA PRINCIPAL--NOMBRE DE ENTIDAD CORPORATIVA
Nombre de entidad corporativa o nombre de jurisdicción como elemento de entrada Sociedad Ferro-carril de Zaragoza a Barcelona.
9 (RLIN) 134895
245 10 - MENCIÓN DEL TÍTULO
Título Ferro-carril de Zaragoza a Barcelona :
Resto del título Junta General ordinaria celebrada el día 28 de marzo de 1866.
260 ## - PUBLICACIÓN, DISTRIBUCIÓN, ETC.
Lugar de publicación, distribución, etc. Barcelona :
Nombre del editor, distribuidor, etc. [s.n.],
Fecha de publicación, distribución, etc. 1866 (
Fabricante Estab. tip. de Narciso Ramírez y Compañía)
300 ## - DESCRIPCIÓN FÍSICA
Extensión 25, [13] p., [3] h. pleg. ;
Dimensiones 24 cm.
505 8# - NOTA DE CONTENIDO CON FORMATO
Nota de contenido con formato Contiene: Memoria del Consejo de Administración; balance cerrado en 31 de diciembre de 1865; estado de gastos; estado de explotación de 1865 . Explotación . Resumen de la estadística correspondiente al ejercicio de 1865
650 #4 - PUNTO DE ACCESO ADICIONAL DE MATERIA--TÉRMINO DE MATERIA
Término de materia o nombre geográfico como elemento de entrada Transportes ferroviarios-
Subdivisión geográfica España.
9 (RLIN) 149654
852 4# - LOCALIZACIÓN
Ubicación ES-MaACL
Número de control de estantería T-76-F-8
Nota libre - Enc. hol., falto de cub. original
-- - Enc. en un vol. facticio
Holdings
Estatus retirado Estado de pérdida Estado de daño No para préstamo Colección Biblioteca de origen Biblioteca actual Ubicación en estantería Fecha de adquisición Total de préstamos Signatura topográfica completa Código de barras Visto por última vez Precio de reemplazo Tipo de ítem Koha
        Colección de folletos Biblioteca del Ateneo de Madrid Biblioteca del Ateneo de Madrid Depósito folletos 17/01/2008   T-76-F-8 1173545 23/02/2023 23/02/2023 Folleto